000 00503cam a2200181ua 4500
020 _a81 7179 061 0
_c450.00
041 _aeng
_h
082 _a631.587
_bBHA/ST
100 _aBhawan, B D .
245 _aStudies in minor irrigation with special reference to ground water /
_cB D Bhawan.
_hTextual Documents
250 _a1 /
_b.
260 _aNew Delhi :
_bCommonwealth Publishers ,
_c1997.
300 _a272 ; .
365 _a450.00
504 _a
942 _cBK
999 _c7285
_d7285